La necesaria determinación de la desigualdad para el tratamiento equitativo de los derechos fundamentales (Registro nro. 24286)
[ vista simple ]
| 000 -LEADER | |
|---|---|
| fixed length control field | 00384 a2200109 4500 |
| 001 - CONTROL NUMBER | |
| control field | ART_49868 |
| 005 - DATE AND TIME OF LATEST TRANSACTION | |
| control field | 20260410161843.0 |
| 008 - FIXED-LENGTH DATA ELEMENTS--GENERAL INFORMATION | |
| fixed length control field | 260409a |
| 100 1# - MAIN ENTRY--PERSONAL NAME | |
| Personal name | Pérez Hualde, Alejandro |
| 245 10 - TITLE STATEMENT | |
| Title | La necesaria determinación de la desigualdad para el tratamiento equitativo de los derechos fundamentales |
| 773 0# - HOST ITEM ENTRY | |
| Title | RAP |
| Related parts | - Año 41, Nº 486 (mar. 2019) |
| Record control number | REV5941 |
No hay ítems disponibles.